Vivekananda vision for India's future: A revolutionary perspective (Record no. 394177)

MARC details
000 -LEADER
fixed length control field 00573 a2200205 4500
005 - DATE & TIME
control field 20260108124714.0
008 - FIXED-LENGTH DATA ELEMENTS--GENERAL INFORMATION
fixed length control field 260106b |||||||| |||| 00| 0 eng d
020 ## - ISBN
International Standard Book Number 9788119051236
Price Rs. 1295.00
040 ## - CATALOGING SOURCE
Original cataloging agency VIVEKANANDA LIBRARY
082 ## - DDC NUMBER
Classification number 294.564
Book Number V837B:V
100 ## - MAIN ENTRY--PERSONAL NAME
Personal name Behl, Prashant
245 ## - TITLE STATEMENT
Title Vivekananda vision for India's future: A revolutionary perspective
260 ## - PUBLICATION, DISTRIBUTION, ETC. (IMPRINT)
Place of publication, distribution, etc New Delhi
Name of publisher, distributor, etc The Readers Paradise
Date of publication, distribution, etc 2025
300 ## - PHYSICAL DESCRIPTION
Pages 272
650 ## - Subject
Subject Religion
650 ## - Subject
Subject Indian History-Swami Vivekananda
700 ## - Added Entry Personal Name
Added Entry Personal Name Manoj Singh
700 ## - Added Entry Personal Name
Added Entry Personal Name Sondhi, M N
942 ## - ADDED ENTRY ELEMENTS (KOHA)
Koha item type Books
Holdings
Withdrawn status Lost status Source of classification or shelving scheme Damaged status Not for loan Location (home branch) Sublocation or collection (holding branch) Shelving location Date acquired Koha issues (times borrowed) Koha full call number Accession No. Koha date last seen Koha item type
    Dewey Decimal Classification     VIVEKANANDA LIBRARY VIVEKANANDA LIBRARY Dr. Mangal Sen Chair 12/12/2025   294.564 V837B:V 443619 12/12/2025 Books
© Designed and Maintained by Vivekananda Library, MDU Rohtak